| 000 | 00351cam a2200133ua 4500 | ||
|---|---|---|---|
| 082 |
_a637.127 _bAGG/LA |
||
| 100 |
_aAggarwala, A C . _91620 |
||
| 100 |
_aSharma, Radhey mohan . _91621 |
||
| 245 | _aLaboratory Manual of Milk Inspection / | ||
| 250 | _a1 / | ||
| 260 |
_aMumbai : _bAsia Publishing House , _c1961. |
||
| 300 | _a345 ; . | ||
| 942 | _cREF | ||
| 999 |
_c6754 _d6754 |
||